000
00306nam a22001337a 4500
008
170511b xxu||||| |||| 00| 0 eng d
020
_a
9780538683531
041
_a
eng
080
_2
15TH
_a
34
100
_a
15
101
_a
SHJ
245
_a
LAW FOR BUSINESS AND PERSONAL USE
_c
MIETUS,A
942
_2
udc
_c
BK
999
_c
13237
_d
13237